| 000 | 01101nam a2200289 a 4500 | ||
|---|---|---|---|
| 001 | BRL_1576 | ||
| 005 | 20190320211254.0 | ||
| 008 | 180314s1988----mx-aob####---#000-0#spa-# | ||
| 020 | _a9682920965 | ||
| 041 | _aspa | ||
| 044 | _amx | ||
| 050 | 4 |
_aGT4814.A2 _b.C28 1988 |
|
| 245 | 1 | 0 |
_aCalendario de fiestas populares _cImelda de León coordinadora de investiagación. |
| 260 |
_aMéxico _bSEP ; Subsecretaría de Cultura, Dirección General de Culturas Populares _c1988 |
||
| 300 |
_axix, 437 p. _bil., fotografías (blanco y negro), mapas _c28 cm. |
||
| 500 | _aAu1776 | ||
| 500 | _aEstado físico: Primeras hojas desprendidas. | ||
| 500 | _aIncluye dedicatoria a Ruth Lechuga | ||
| 500 | _aIncluye índice cronológico de fiestas, indice alfabético de fiestas e índice de poblaciones. | ||
| 504 | _aBibliografía: 437 | ||
| 650 | 1 | 4 |
_aFestivales _vCalendarios _zMéxico _927337 |
| 651 | 4 |
_aMéxico _xVida social y costumbres _9769 |
|
| 700 | 1 |
_aLeón, Imelda de _ecoord. _927338 |
|
| 710 | 2 |
_aMéxico _bDirección General de Culturas Populares _927339 |
|
| 902 | _aGRL | ||
| 942 |
_2lcc _cB |
||
| 999 |
_c10385 _d10385 |
||